| 000 | 00806 a2200313 4500 | ||
|---|---|---|---|
| 260 | _aParis | ||
| 630 | _a16 - Logique. Theorie de la connaissance | ||
| 037 | _b3, BU | ||
| 650 | _a1 - PHILOSOPHIE ET PSYCHOLOGIE | ||
| 100 | _aComte, Auguste | ||
| 260 | _bJ.VRIN | ||
| 260 | _bEcole des hautes études en sciences sociales | ||
| 245 | _aCorrespondance générales et confessions; Tome 6: 1851-1852 | ||
| 300 | _a491p. | ||
| 650 | _acorrespondance | ||
| 260 | _c1984 | ||
| 300 | _b23cm. | ||
| 100 | _lFr | ||
| 037 | _aL2780 | ||
| 037 | _aL2778 | ||
| 037 | _aL2781 | ||
| 440 | _aArchives positivistes | ||
| 700 | _aEd., <de> Berrêdo Carneiro, Paulo | ||
| 700 | _aEd., Arbousse-Bastide, Paul | ||
| 020 | _a2-7132-0793-2 | ||
| 020 | _a2-7116-2023-9 | ||
| 999 |
_c39575 _d39575 |
||